000 00753nam a2200205 a 4500
001 000009256
005 20240520201957.0
008 090929s1997 dr a r 000 0 spa d
040 _aDO-SdBNP
_bspa
_cBNPHU
082 _a634.956
_bG216i
100 1 _aGarcía, Ricardo,
_d1958-
_923961
245 1 0 _aImportancia de las plantas nativas y endémicas en la reforestación /
_cRicardo García, Milcíades Mejía, Francisco Jiménez.
260 _aSanto Domingo :
_bCorripio,
_c1997.
300 _a86 p. :
_bil. ;
_c23 cm.
500 _aIncluye datos biográficos del autor en la solapa de la cubierta
504 _aBibliografía : p. 85-86
590 _aInventariado, 2018/BT
650 0 _aReforestación
_98510
910 _aValidado. Control de calidad. MFF
999 _c9018
_d9018